00514nam a2200157Ia 4500003000900000008004100009020001800050040001600068080001700084100002400101245014300125260004800268300001300316650001700329650001000346IN-BaIIA211028s9999 xx 000 0 eng d a0-521-34871-4 cIIA Library a524.3bBOH-3 aBohm-Vitense, Erika 0aIntroduction to stellar astrophysicsbvol. 3, stellar structure and evolutioncErika Bohm-Vitense  aCambridgebCambridge University Pressc1992 avii,285p aAstrophysics aStars